Historia del pensamiento : el pensamiento moderno de Hegel a Bergson.

Guardado en:
Bibliografiske detaljer
Hovedforfatter: Chevalier, Jacques (autor)
Format: Bog
Sprog:spansk
Fag:
Tags: Tilføj Tag
Ingen Tags, Vær først til at tagge denne postø!

MARC

LEADER 00000cam^a2200000uu^4500
001 000467946
005 20250521000000.0
008 050901s1966^^^^^^^^^^^^rd^r^^000^0^spa^d
009 20260310124459.554
035 |a FCE 000010680 
035 |a FCE 031906 
037 |a Acervo ITESO - Biblioteca 
041 |a spa 
082 0 4 |a 109  |b CHEh V.4 
100 |a Chevalier, Jacques  |e (autor) 
245 1 0 |a Historia del pensamiento :  |b el pensamiento moderno de Hegel a Bergson. 
264 |a Madrid :  |b Aguilar,  |c 1966. 
300 |a 733 p. 
336 |a texto  |b txt  |2 rdacontenido 
337 |a sin mediación  |b n  |2 rdamedio 
338 |a volumen  |b nc  |2 rdasoporte 
596 |a Traducción de: histoire de la pensee IV, la pensee moderne de Hegel a Bergson 
649 |a XX 
650 |a Pensamiento 
650 |a Historia de la filosofía 
650 |a Siglo diecinueve 
650 |a Siglo dieciocho 
650 |a Siglo veinte 
910 |a Fondo Centro de Estudios Educativos 
920 |a Impresos - Libros 
930 |a Fondos Especiales 
905 |a 133 
901 |a ALE031906  |b IT2  |c CEE  |u 20250521 
902 |a https://opac.biblio.iteso.mx/vufind/Record/000467946